Najmniejsze państwa Australii i Oceanii - Statystyki

Ogólne statystyki
  • Ten quiz został rozwiązany 22 razy
  • Średni wynik to 4 z 5
Statystyki odpowiedzi
Ranking Odpowiedź % Poprawnych
4. Palau
95%
1. Nauru
86%
3. Wyspy Marshalla
86%
2. Tuvalu
82%
5. Mikronezja
73%
Nie znaleziono quizów pasujących do podanych kryteriów
Rozkład punktacji
Procent ludzi z każdym wynikiem
Percentyl według liczby udzielonych odpowiedzi
Twoja historia wyników
Nie rozwiązałeś tego quizu